Arts and Refugees: Multidisciplinary Perspectives (Record no. 27444)

MARC details
000 -LEADER
fixed length control field 00706nam a2200121Ia 4500
008 - FIXED-LENGTH DATA ELEMENTS--GENERAL INFORMATION
fixed length control field 220620s9999||||xx |||||||||||||| ||und||
100 ## - MAIN ENTRY--PERSONAL NAME
Personal name Martiniello, Marco
245 #0 - TITLE STATEMENT
Title Arts and Refugees: Multidisciplinary Perspectives
546 ## - LANGUAGE NOTE
Language note English[eng]
650 ## - SUBJECT ADDED ENTRY--TOPICAL TERM
Topical term or geographic name entry element postmigrant theater||minority arts||n/a||refugees||fair participation||participatory video||representation||improvisation||documentary films||diversity||solidarity||universalism||cultural policies||arts||Syrian artist||political solidarity||political art||creative process||refugee crisis||third space||relational dynamics||Belgium||world music||translation||migration||Italy
856 ## - ELECTRONIC LOCATION AND ACCESS
Uniform Resource Identifier <a href="https://mdpi.com/books/pdfview/book/1671">https://mdpi.com/books/pdfview/book/1671</a>
942 ## - ADDED ENTRY ELEMENTS (KOHA)
Koha item type E-Books
Holdings
Withdrawn status Lost status Damaged status Not for loan Home library Current library Date acquired Total Checkouts Date last seen Price effective from Koha item type
        Kerala University of Digital Sciences, Innovation and Technology Knowledge Centre Kerala University of Digital Sciences, Innovation and Technology Knowledge Centre 20/06/2022   20/06/2022 20/06/2022 E-Books